000 00440nam a2200157Ia 4500
008 190912s9999 xx 000 0 und d
245 _aSaturn's ring younger that the planet itself/
245 _cAgence France Press
260 _bThe Philippine Star
260 _c2019
300 _aJanuary 19, page 13
440 _aThe Philippine Star
_v33: 176
650 _aCelestial bodies
650 _aSaturn
650 _aScience -- Astronomy
999 _c362127
_d362127